Statistics for Biggest Baltic Sea Cities

Click here to take the quiz!

General Stats

  • This quiz has been taken 1,191 times
  • The average score is 10 of 18

Answer Stats

PopulationAnswer% Correct
1,372,565Stockholm
96%
699,203Riga
95%
614,074Helsinki
94%
1,213,822Copenhagen
93%
4,879,566Saint Petersburg
89%
417,741Tallinn
77%
460,276Gdansk
75%
303,873Malmö
69%
179,529Turku
50%
431,402Kaliningrad
48%
202,735Rostock
45%
242,041Kiel
43%
161,300Klaipeda
32%
145,256Oulu
32%
247,324Gdynia
30%
210,577Lübeck
30%
406,427Szczecin
21%
255,121Espoo
20%

Score Distribution

Percentile by Number Answered

Percent of People with Each Score

Your Score History

You have not taken this quiz